|
|
|
|
| LEADER |
00973nam a22002057a 4500 |
| 003 |
GR-PaULI |
| 005 |
20210117211140.0 |
| 007 |
ta |
| 008 |
200903b -uk||||f |||| 00| 0 eng d |
| 952 |
|
|
|0 0
|1 0
|2 nlm
|4 0
|6 WA_550
|7 1
|9 243090
|a MEDI
|b MEDI
|c DON
|d 2020-09-03
|i 6912
|l 0
|o WA 550
|p 025000176280
|r 2020-09-03 00:00:00
|t 1
|v 2020.00
|w 2020-09-03
|y BKN
|z Δωρεά Β. Βαλαώρα (αίθουσα δωρεών)
|
| 999 |
|
|
|c 146692
|d 146692
|
| 040 |
|
|
|a GR-PaULI
|b gre
|c GR-PaULI
|e AACR2
|
| 060 |
|
|
|a WA 550
|
| 110 |
2 |
|
|9 176516
|a International Planned Parenthood Federation
|
| 245 |
1 |
0 |
|a Summaries of papers :
|b [from]...8th International Conference, International Planned Parenthood Federation, Santiago, Chile, April 9-15, 1967 /
|c International Planned Parenthood Federation.
|
| 260 |
|
|
|a London ;
|b International Planned Parenthood Federation,
|c [χ.χ.].
|
| 300 |
|
|
|a 360 σ. ;
|c 22 εκ.
|
| 650 |
|
4 |
|9 29242
|a Ιατρική
|x Συνέδρια
|
| 942 |
|
|
|2 nlm
|c BKN
|
| 998 |
|
|
|c ΜΑΝΙΑΚΗ
|d 2020
|